| 000 | 00449nam a2200169Ia 4500 | ||
|---|---|---|---|
| 003 | GCL | ||
| 008 | 140319s9999 xx 000 0 ara d | ||
| 040 |
_aGCL / _cGCL |
||
| 082 | 0 | 4 |
_a133.32 _bم ن |
| 100 | 1 | _aميشال مراد | |
| 245 | 1 | 0 |
_aنهاية العالم متى وكيف / _cميشال مراد |
| 260 |
_a[S.N] : _bدار المجانى ، _c1990 |
||
| 300 | _a159 ص | ||
| 490 | _a | ||
| 650 | 0 | 4 | _aالتنبؤ |
| 942 |
_2ddc _cBK |
||
| 999 |
_c39447 _d39447 |
||